• 首页
  • 本馆介绍
  • 公告通知
  • 最新文献
  • 馆藏检索
  • 电子资源
  • 读者导购
  • 参考咨询
  • 我的图书馆
  • 登录
  • 详细信息显示
  • 放入我的书架
  • 预约/预借图书
  • 作者相关作品
  • 分类相关作品
  • 丛书相关作品
  • 出版社相关作品

书目信息

  • 表格格式
  • 工作单格式
  • 卡片格式
题名:
墨子与墨家
    
 
作者: 任继愈 著
分册:  
出版信息: 北京   北京出版社  2012.01
页数: 140页
开本: 21cm
丛书名: 大家小书
单 册:
中图分类: B224.5
科图分类:
主题词: 墨家--研究 , 墨家
电子资源:
ISBN: 978-7-200-09034-5
000 00896oam2 2200289 450
001 010050034546
005 20120626153914.37
010    @a978-7-200-09034-5@dCNY19.00
100    @a20120510d2012 em y0chiy50 ea
101 0  @achi
102    @aCN@b110000
105    @aa z 000yy
106    @ar
200 1  @a墨子与墨家@9mo zi yu mo jia@f任继愈著
210    @a北京@c北京出版社@d2012.01
215    @a140页@c图@d21cm
225 2  @a大家小书@e大家写给大家看的书
330    @a本书主要内容包括:墨学产生的时代条件、墨翟与《墨子》一书、止楚攻宋的故事、非攻和兼爱、三表、后期墨家和《墨经》等。
461  0 @12001 @a大家小书
600  0 @a墨翟@f(前480-前420)@x人物研究
600  0 @a墨翟@f(前480-前420)
606 0  @a墨家@x研究
606 0  @a墨家
690    @aB224.5@v5
701  0 @a任继愈@9ren ji yu@f(1916-2009)@4著
801  0 @aCN@bRENTIAN@c20120510
905    @b540784-88@dB224.5@e424@f5
    
    墨子与墨家/任继愈著.-北京:北京出版社,2012.01
    140页:图;21cm.-(大家小书:大家写给大家看的书)
    
    
    ISBN 978-7-200-09034-5:CNY19.00
    本书主要内容包括:墨学产生的时代条件、墨翟与《墨子》一书、止楚攻宋的故事、非攻和兼爱、三表、后期墨家和《墨经》等。
●
相关链接 在E读中查询图书 在五车中查询图书 在当当中查询图书 在豆瓣中查询图书


正题名:墨子与墨家     索取号:B224.5/424         预约/预借

序号 登录号 条形码 馆藏地/架位号 状态 备注
1 540784   205407843   第一样本阅览室/ [索取号:B224.5/424] 在馆    
2 540785   205407852   第一借阅区/ [索取号:B224.5/424] 在馆    
3 540786   205407861   第一借阅区/ [索取号:B224.5/424] 在馆    
4 540787   205407870   第一借阅区/ [索取号:B224.5/424] 在馆    
5 540788   205407889   第一借阅区/ [索取号:B224.5/424] 在馆    
唐山师范学院图书馆 欢迎您!
大连网信软件有限公司© 版权所有